[Event "The Nimzo "]
[Site "SchemingMind.com"]
[Date "2007.05.27"]
[Round "-"]
[White "Adunatos"]
[Black "Louis Lima"]
[Result "1-0"]
[WhiteCountry "NED"]
[BlackCountry "ESP"]
[WhiteElo "2281"]
[WhiteRD "58"]
[BlackElo "1709"]
[BlackRD "63"]
[GameID "106912"]

1. d4 Nf6 2. c4 e6 3. Nc3 Bb4 4. e3 b6 5. Ne2 Ba6 6. a3 Bxc3+ 7. Nxc3 d5 8. b3 O-O 9. Be2 dxc4 10. bxc4 Nc6
11. a4 Na5 12. Ba3 Re8 13. Nb5 Qd7 14. O-O Bb7 15. f3 a6 16. Nc3 Rad8 17. Rb1 e5 18. d5 e4 19. Qd2 c6 20. Rxb6
1-0

[Event "The Nimzo "]
[Site "SchemingMind.com"]
[Date "2007.05.26"]
[Round "-"]
[White "Louis Lima"]
[Black "Adunatos"]
[Result "0-1"]
[WhiteCountry "ESP"]
[BlackCountry "NED"]
[WhiteElo "1709"]
[WhiteRD "63"]
[BlackElo "2281"]
[BlackRD "58"]
[GameID "106913"]

1. d4 Nf6 2. c4 e6 3. Nc3 Bb4 4. e3 b6 5. Bd3 Bb7 6. Nf3 Ne4 7. O-O f5 8. Qc2 Nxc3 9. bxc3 Bxf3 10. cxb4 Qg5
11. g3 Qh5 12. Re1 Nc6 13. a3 O-O 14. Be2 f4 15. Bxf3 Qxf3 16. Qe2 fxg3 17. Qxf3 Rxf3 18. hxg3 Raf8 19. Rf1 e5 20. d5 Ne7
0-1

[Event "The Nimzo "]
[Site "SchemingMind.com"]
[Date "2007.06.02"]
[Round "-"]
[White "jtrochez1"]
[Black "Louis Lima"]
[Result "0-1"]
[WhiteCountry "HON"]
[BlackCountry "ESP"]
[WhiteElo "1549"]
[WhiteRD "50"]
[BlackElo "1796"]
[BlackRD "74"]
[GameID "107303"]

1. d4 Nf6 2. c4 e6 3. Nc3 Bb4 4. Bd2 O-O 5. Nf3 b6 6. e3 Bb7 7. a3 Bxc3 8. Bxc3 Ne4 9. Bd2 d6 10. Qc2 c5
11. Bc3 Nxc3 12. Qxc3 Bxf3 13. gxf3 Qf6 14. Be2 cxd4 15. exd4 Nd7 16. O-O-O Rfc8 17. h4 d5 18. b3 dxc4 19. Bxc4 b5 20. Kb2 bxc4
21. bxc4 Rab8+ 22. Ka2 Nc5 23. Rb1 Na4 24. Qe3 Qf5 25. c5 Qc2+ 26. Ka1 Rb2
0-1

[Event "The Nimzo "]
[Site "SchemingMind.com"]
[Date "2007.05.30"]
[Round "-"]
[White "jtrochez1"]
[Black "Adunatos"]
[Result "0-1"]
[WhiteCountry "HON"]
[BlackCountry "NED"]
[WhiteElo "1572"]
[WhiteRD "47"]
[BlackElo "2281"]
[BlackRD "58"]
[GameID "107304"]

1. d4 Nf6 2. c4 e6 3. Nc3 Bb4 4. Bd2 d5 5. e3 O-O 6. a3 Bxc3 7. Bxc3 b6 8. Nf3 Bb7 9. h3 Ne4 10. Qc2 f5
11. g3 dxc4 12. Be2 Bd5 13. Rg1 Nc6 14. Nd2 b5 15. Nxe4 fxe4 16. h4 Qe7 17. O-O-O Rxf2 18. Rdf1 Rxf1+ 19. Rxf1 Qd6 20. g4 Qg3
21. h5 Qxe3+ 22. Qd2 Qg3 23. Qg5 h6 24. Qg6 Rf8 25. Rxf8+ Kxf8 26. g5 Ne7 27. Qh7 Qxg5+ 28. Bd2 Qg1+ 29. Bd1 e3
0-1

[Event "The Nimzo "]
[Site "SchemingMind.com"]
[Date "2007.06.01"]
[Round "-"]
[White "Louis Lima"]
[Black "jtrochez1"]
[Result "1-0"]
[WhiteCountry "ESP"]
[BlackCountry "HON"]
[WhiteElo "1796"]
[WhiteRD "74"]
[BlackElo "1549"]
[BlackRD "50"]
[GameID "107305"]

1. d4 Nf6 2. c4 e6 3. Nc3 Bb4 4. f3 Nc6 5. Bg5 O-O 6. e4 Be7 7. Be2 a6 8. Nh3 d5 9. e5 Ne8 10. Bxe7 Qxe7
11. c5 f5 12. O-O Bd7 13. a3 Nd8 14. f4 Nf7 15. b4 g6 16. Qd2 Bc6 17. a4 Ng7 18. b5 Bd7 19. Rfb1 Rab8 20. bxa6 bxa6
21. Bxa6 c6 22. a5 Rxb1+ 23. Rxb1 Qh4 24. Bf1 Qd8 25. Na4 Qh4 26. Nb6 Bc8 27. a6 Bxa6 28. Bxa6 Nh6 29. Qf2 Qd8 30. Ng5 Nf7
31. Nxf7 Rxf7 32. Nc8 Ne8 33. Nd6 Nxd6 34. cxd6 Ra7 35. Bf1 Kf7 36. Qb2 g5 37. Qb6 Qa8 38. fxg5 Kg6 39. Qb8 Qxb8 40. Rxb8 Kxg5
41. Rb6 Kf4 42. Rxc6 Ke4 43. Rc7 Ra8 44. d7 Rd8 45. Bb5 Kxd4 46. Rc8 Rxd7 47. Bxd7 Kxe5 48. Kf2 h5 49. Ke3 f4+ 50. Kd3 h4
51. Rh8 Kd6 52. Bxe6 Kxe6 53. Rxh4 Ke5 54. Rh5+ Kd6 55. Kd4 Ke6 56. Rxd5
1-0

[Event "The Nimzo "]
[Site "SchemingMind.com"]
[Date "2007.05.31"]
[Round "-"]
[White "Adunatos"]
[Black "jtrochez1"]
[Result "1-0"]
[WhiteCountry "NED"]
[BlackCountry "HON"]
[WhiteElo "2281"]
[WhiteRD "58"]
[BlackElo "1572"]
[BlackRD "47"]
[GameID "107306"]

1. d4 Nf6 2. c4 e6 3. Nc3 Bb4 4. e3 d5 5. a3 Bxc3+ 6. bxc3 Nc6 7. Nf3 h6 8. Bd3 Ne4 9. Qc2 Ne7 10. O-O Nc6
11. cxd5 exd5 12. c4 Be6 13. cxd5 Bxd5 14. Bxe4 Bxe4 15. Qxe4+ Qe7 16. Qxe7+ Nxe7 17. Rb1 b6 18. Bd2 O-O 19. Rfc1 c6 20. Bb4 Rfc8
21. Bxe7
1-0

[Event "The Nimzo "]
[Site "SchemingMind.com"]
[Date "2007.06.05"]
[Round "-"]
[White "cnbcad"]
[Black "jtrochez1"]
[Result "0-1"]
[WhiteCountry "USA"]
[BlackCountry "HON"]
[WhiteElo "1507"]
[WhiteRD "51"]
[BlackElo "1572"]
[BlackRD "47"]
[GameID "107955"]

1. d4 Nf6 2. c4 e6 3. Nc3 Bb4 4. Bd2 Bxc3 5. Bxc3 d5 6. c5 c6 7. b4 Ne4 8. Bd2 Nxd2 9. Qxd2 O-O 10. e3 Nd7
11. Bd3 Nf6 12. a4 Ne4 13. Qc2 f5 14. Bxe4 fxe4 15. f3 Qf6 16. Nh3 exf3 17. Rf1 e5
0-1

[Event "The Nimzo "]
[Site "SchemingMind.com"]
[Date "2007.06.07"]
[Round "-"]
[White "cnbcad"]
[Black "Louis Lima"]
[Result "0-1"]
[WhiteCountry "USA"]
[BlackCountry "ESP"]
[WhiteElo "1507"]
[WhiteRD "51"]
[BlackElo "1709"]
[BlackRD "63"]
[GameID "107956"]

1. d4 Nf6 2. c4 e6 3. Nc3 Bb4 4. Bd2 O-O 5. a3 Bxc3 6. Bxc3 Ne4 7. Bb4 Qf6 8. Nf3 c5 9. Bxc5 Nxc5 10. dxc5 Qxb2
11. e3 Nc6 12. Qb1 Qc3+ 13. Nd2 b6 14. Be2 bxc5 15. Ra2 Rb8 16. Qc2 Qxc2 17. Rxc2 d6 18. O-O Ba6 19. Ne4 Rfd8 20. Rd1 Rb7
21. Bf3 Rbd7 22. Nf6+ gxf6 23. Bxc6 Rc7 24. Bb5 Bxb5 25. cxb5 Rb7 26. a4 Kf8 27. f4 Ke7
0-1

[Event "The Nimzo "]
[Site "SchemingMind.com"]
[Date "2007.06.04"]
[Round "-"]
[White "cnbcad"]
[Black "Adunatos"]
[Result "0-1"]
[WhiteCountry "USA"]
[BlackCountry "NED"]
[WhiteElo "1507"]
[WhiteRD "51"]
[BlackElo "2281"]
[BlackRD "58"]
[GameID "107957"]

1. d4 Nf6 2. c4 e6 3. Nc3 Bb4 4. Bd2 d5 5. a3 Bxc3 6. Bxc3 dxc4 7. Qa4+ Nbd7 8. Bb4 a6 9. e3 b5 10. Qd1 Bb7
11. a4 c5 12. dxc5 Nd5 13. Qd2 Nxb4 14. Qxb4 O-O 15. Bxc4 Bxg2 16. c6 Bxc6 17. f3 Qh4+ 18. Ke2 Bd5 19. b3 bxc4 20. Rd1 Qg5
21. bxc4 Qg2+
0-1

[Event "The Nimzo "]
[Site "SchemingMind.com"]
[Date "2007.06.04"]
[Round "-"]
[White "jtrochez1"]
[Black "cnbcad"]
[Result "1-0"]
[WhiteCountry "HON"]
[BlackCountry "USA"]
[WhiteElo "1572"]
[WhiteRD "47"]
[BlackElo "1507"]
[BlackRD "51"]
[GameID "107958"]

1. d4 Nf6 2. c4 e6 3. Nc3 Bb4 4. Bd2 Nc6 5. e3 d5 6. Bd3 h6 7. a3 Bxc3 8. Bxc3 a6 9. c5 b5 10. b4 a5
11. Bxb5 Bd7 12. Bxc6 Bxc6 13. Nf3 Ne4 14. Bd2 Nxd2 15. Nxd2 O-O 16. O-O axb4 17. axb4 Rxa1 18. Qxa1 Bb5 19. Re1 Qg5 20. Nf3
1-0

[Event "The Nimzo "]
[Site "SchemingMind.com"]
[Date "2007.06.09"]
[Round "-"]
[White "Louis Lima"]
[Black "cnbcad"]
[Result "1-0"]
[WhiteCountry "ESP"]
[BlackCountry "USA"]
[WhiteElo "1796"]
[WhiteRD "74"]
[BlackElo "1536"]
[BlackRD "56"]
[GameID "107959"]

1. d4 Nf6 2. c4 e6 3. Nc3 Bb4 4. Nf3 Bxc3+ 5. bxc3 b6 6. e3 Bb7 7. Bd3 d5 8. cxd5 exd5 9. Ba3 c5 10. dxc5 bxc5
11. Bxc5 Nbd7 12. Ba3 Rc8 13. Qb3 d4 14. Qxb7 Rxc3 15. Qxa7 Rxd3 16. Nxd4 Nd5 17. O-O N5b6 18. Rac1 Qa8 19. Qxa8+ Nxa8 20. Rc8#
1-0

[Event "The Nimzo "]
[Site "SchemingMind.com"]
[Date "2007.06.04"]
[Round "-"]
[White "Adunatos"]
[Black "cnbcad"]
[Result "1-0"]
[WhiteCountry "NED"]
[BlackCountry "USA"]
[WhiteElo "2281"]
[WhiteRD "58"]
[BlackElo "1507"]
[BlackRD "51"]
[GameID "107960"]

1. d4 Nf6 2. c4 e6 3. Nc3 Bb4 4. e3 c6 5. Nf3 Ne4 6. Qc2 d5 7. Nd2 Nxc3 8. bxc3 Ba5 9. Bd3 Nd7 10. Ba3 a6
11. e4 dxc4 12. Nxc4 b5 13. Nd6+
1-0

[Event "The Nimzo "]
[Site "SchemingMind.com"]
[Date "2007.06.15"]
[Round "-"]
[White "tacticrules"]
[Black "cnbcad"]
[Result "1-0"]
[WhiteCountry "GER"]
[BlackCountry "USA"]
[WhiteElo "1685"]
[WhiteRD "51"]
[BlackElo "1536"]
[BlackRD "56"]
[GameID "108646"]

1. d4 Nf6 2. c4 e6 3. Nc3 Bb4 4. Qc2 Nc6 5. Nf3 d5 6. Bg5 h6 7. Bh4 dxc4 8. Bxf6 Qxf6 9. e3 b5 10. Be2 a6
11. O-O
1-0

[Event "The Nimzo "]
[Site "SchemingMind.com"]
[Date "2007.06.10"]
[Round "-"]
[White "tacticrules"]
[Black "jtrochez1"]
[Result "1/2-1/2"]
[WhiteCountry "GER"]
[BlackCountry "HON"]
[WhiteElo "1685"]
[WhiteRD "51"]
[BlackElo "1549"]
[BlackRD "50"]
[GameID "108647"]

1. d4 Nf6 2. c4 e6 3. Nc3 Bb4 4. Qc2 d5 5. a3 Bxc3+ 6. Qxc3 h6 7. f3 O-O 8. e3 Nc6 9. Ne2 Re8 10. cxd5 Nxd5
11. Qd3 e5 12. e4 Nf6 13. d5 Ne7 14. Nc3 a6 15. Be3 b5 16. Qd2 Bb7 17. Be2 Ng6 18. O-O Nh5 19. Rac1 Ngf4 20. Rfe1 Qg5
21. Bf1 Qg6 22. Bxf4 Nxf4 23. Ne2 Nh3+ 24. Kh1 Nf2+ 25. Kg1 Nh3+ 26. Kh1 Nf2+=
1/2-1/2

[Event "The Nimzo "]
[Site "SchemingMind.com"]
[Date "2007.06.10"]
[Round "-"]
[White "tacticrules"]
[Black "Louis Lima"]
[Result "1/2-1/2"]
[WhiteCountry "GER"]
[BlackCountry "ESP"]
[WhiteElo "1677"]
[WhiteRD "51"]
[BlackElo "1690"]
[BlackRD "68"]
[GameID "108648"]

1. d4 Nf6 2. c4 e6 3. Nc3 Bb4 4. Qc2 Nc6 5. Nf3 d6 6. a3 Bxc3+ 7. Qxc3 O-O 8. Bg5 h6 9. Bh4 g5 10. Bg3 Ne4
11. Qc2 f5 12. e3 h5 13. Ng1 h4 14. f3 Nxg3 15. hxg3 hxg3 16. Ne2 Qf6 17. Nxg3 e5 18. d5 Ne7 19. O-O-O Bd7 20. Be2 Be8
21. e4 f4 22. Nh5 Bxh5 23. Rxh5 Ng6 24. Rh3 Rf7 25. Rdh1 Nh4 26. Bd3 Rd8 27. Qf2 b6 28. g3 fxg3 29. Rxg3 Nxf3 30. Rf1 Rdf8
31. Qg2 Qf4+ 32. Kd1 Qe3 33. Qe2 Qxe2+ 34. Bxe2 Nd4 35. Rxf7 Rxf7 36. Rxg5+ Rg7 37. Rxg7+= Kxg7 38. Kd2 Kg6=
1/2-1/2

[Event "The Nimzo "]
[Site "SchemingMind.com"]
[Date "2007.06.10"]
[Round "-"]
[White "tacticrules"]
[Black "Adunatos"]
[Result "0-1"]
[WhiteCountry "GER"]
[BlackCountry "NED"]
[WhiteElo "1632"]
[WhiteRD "50"]
[BlackElo "2281"]
[BlackRD "58"]
[GameID "108649"]

1. d4 Nf6 2. c4 e6 3. Nc3 Bb4 4. Qc2 d5 5. a3 Bxc3+ 6. Qxc3 Ne4 7. Qc2 e5 8. cxd5 Qxd5 9. dxe5 Bf5 10. Qa4+ Nc6
11. Nf3 b5 12. Qd1 Qxd1+ 13. Kxd1 Nxf2+ 14. Ke1 Nxh1 15. Be3 O-O-O 16. h3 Ng3 17. Bf2 Nxf1 18. Kxf1 Rhe8 19. Bg3 Bc2 20. Kf2 Rd1
21. Rxd1 Bxd1 22. e4 Bxf3 23. Kxf3 Nxe5+
0-1

[Event "The Nimzo "]
[Site "SchemingMind.com"]
[Date "2007.06.15"]
[Round "-"]
[White "cnbcad"]
[Black "tacticrules"]
[Result "0-1"]
[WhiteCountry "USA"]
[BlackCountry "GER"]
[WhiteElo "1536"]
[WhiteRD "56"]
[BlackElo "1685"]
[BlackRD "51"]
[GameID "108650"]

1. d4 Nf6 2. c4 e6 3. Nc3 Bb4 4. Bd2 O-O 5. Nf3 b6 6. a3 Bxc3 7. Bxc3 Bb7 8. e3 d5 9. cxd5 exd5 10. Bd3 c5
11. Qc2 Nbd7
0-1

[Event "The Nimzo "]
[Site "SchemingMind.com"]
[Date "2007.06.10"]
[Round "-"]
[White "jtrochez1"]
[Black "tacticrules"]
[Result "1/2-1/2"]
[WhiteCountry "HON"]
[BlackCountry "GER"]
[WhiteElo "1549"]
[WhiteRD "50"]
[BlackElo "1685"]
[BlackRD "51"]
[GameID "108651"]

1. d4 Nf6 2. c4 e6 3. Nc3 Bb4 4. Bd2 O-O 5. e3 b6 6. a3 Bxc3 7. Bxc3 Bb7 8. Nf3 d5 9. cxd5 Nxd5 10. Be2 c5
11. dxc5 bxc5 12. O-O Nxc3 13. bxc3 Nc6 14. Qc2 Qe7 15. a4 Rfd8 16. a5 a6 17. Bd3 g6 18. e4 e5 19. Rfd1 Rd7 20. Rd2 Rad8
21. Bc4 Rxd2 22. Nxd2 Qh4 23. Nf3 Qf6 24. Qe2 Qd6=
1/2-1/2

[Event "The Nimzo "]
[Site "SchemingMind.com"]
[Date "2007.06.10"]
[Round "-"]
[White "Louis Lima"]
[Black "tacticrules"]
[Result "1/2-1/2"]
[WhiteCountry "ESP"]
[BlackCountry "GER"]
[WhiteElo "1796"]
[WhiteRD "74"]
[BlackElo "1685"]
[BlackRD "51"]
[GameID "108652"]

1. d4 Nf6 2. c4 e6 3. Nc3 Bb4 4. g3 O-O 5. Bg2 d5 6. cxd5 exd5 7. Nf3 c5 8. dxc5 Bxc3+ 9. bxc3 Qa5 10. O-O Qxc3
11. Be3 Nc6 12. Nd4 Be6 13. Nxc6 bxc6 14. Bd4 Qa5 15. Bxf6 gxf6 16. Qd4 f5 17. a4 Rab8 18. Rfb1 Qc7 19. Qf6 Rxb1+ 20. Rxb1 Rb8
21. Qg5+ Kh8 22. Qf6+ Kg8 23. Qg5+ Kh8=
1/2-1/2

[Event "The Nimzo "]
[Site "SchemingMind.com"]
[Date "2007.06.10"]
[Round "-"]
[White "Adunatos"]
[Black "tacticrules"]
[Result "1-0"]
[WhiteCountry "NED"]
[BlackCountry "GER"]
[WhiteElo "2281"]
[WhiteRD "58"]
[BlackElo "1632"]
[BlackRD "50"]
[GameID "108653"]

1. d4 Nf6 2. c4 e6 3. Nc3 Bb4 4. e3 b6 5. Ne2 Bb7 6. a3 Bxc3+ 7. Nxc3 O-O 8. Bd3 Bxg2 9. Rg1 Bb7 10. e4 d6
11. e5 dxe5 12. dxe5 Nfd7 13. Bxh7+ Kxh7 14. Qh5+ Kg8 15. Rxg7+ Kxg7 16. Bh6+ Kg8 17. Qg4+
1-0

[Event "The Nimzo "]
[Site "SchemingMind.com"]
[Date "2007.06.10"]
[Round "-"]
[White "_keyes"]
[Black "jtrochez1"]
[Result "1-0"]
[WhiteCountry "ENG"]
[BlackCountry "HON"]
[WhiteElo "1849"]
[WhiteRD "74"]
[BlackElo "1549"]
[BlackRD "50"]
[GameID "108742"]

1. d4 Nf6 2. c4 e6 3. Nc3 Bb4 4. e3 d5 5. Ne2 c6 6. a3 Bxc3+ 7. Nxc3 O-O 8. b3 Nbd7 9. Be2 e5 10. Bb2 e4
11. Qc2 Re8 12. O-O-O Nf8 13. h3 Ng6 14. g4 Be6 15. c5 b6 16. Rdg1 a6 17. h4 bxc5 18. dxc5 Ne5 19. g5 Nfd7 20. Na4 Kf8
21. h5 Qe7 22. g6 h6 23. gxf7 Bxf7 24. f4 Nf3 25. Bxg7+
1-0

[Event "The Nimzo "]
[Site "SchemingMind.com"]
[Date "2007.06.12"]
[Round "-"]
[White "_keyes"]
[Black "Louis Lima"]
[Result "1-0"]
[WhiteCountry "ENG"]
[BlackCountry "ESP"]
[WhiteElo "1849"]
[WhiteRD "74"]
[BlackElo "1796"]
[BlackRD "74"]
[GameID "108743"]

1. d4 Nf6 2. c4 e6 3. Nc3 Bb4 4. e3 b6 5. Ne2 Ba6 6. a3 Bxc3+ 7. Nxc3 d5 8. b3 O-O 9. Bd3 dxc4 10. bxc4 Nc6
11. Qc2 Na5 12. Ne2 Rc8 13. Bd2 Nc6 14. O-O Qd6 15. h3 e5 16. dxe5 Nxe5 17. Bf5 Rcd8 18. Rfd1 Nxc4 19. Bb4 Qe5 20. Bxf8 Rxf8
21. Nd4 c5 22. Nf3 Qe7 23. Bd3 Nxe3 24. fxe3 Qxe3+ 25. Kh1 Bb7 26. Re1 Qf4 27. Qd2 Qg3 28. Rf1 Nh5 29. Rf2 Nf4 30. Raf1 Nxg2
31. Rxg2 Qxh3+ 32. Kg1 Bxf3 33. Rxg7+ Kxg7 34. Qg5+
1-0

[Event "The Nimzo "]
[Site "SchemingMind.com"]
[Date "2007.06.10"]
[Round "-"]
[White "_keyes"]
[Black "tacticrules"]
[Result "1-0"]
[WhiteCountry "ENG"]
[BlackCountry "GER"]
[WhiteElo "1862"]
[WhiteRD "73"]
[BlackElo "1632"]
[BlackRD "50"]
[GameID "108744"]

1. d4 Nf6 2. c4 e6 3. Nc3 Bb4 4. e3 b6 5. Ne2 Bb7 6. a3 Bxc3+ 7. Nxc3 O-O 8. Qc2 Na6 9. f3 c5 10. d5 exd5
11. cxd5 Qe7 12. Bc4 d6 13. O-O Nc7 14. e4 a6 15. Bg5 b5 16. Ba2 h6 17. Bh4 g5 18. Bf2 Rac8 19. Rae1 Nd7 20. Nd1 Ne5
21. Ne3 Rce8 22. Nf5 Qf6 23. Be3 Qg6 24. h4 g4 25. Nxh6+ Kh7 26. Nxg4 Nxg4 27. fxg4 Qxg4 28. e5+ Kg7 29. Qf2 Qg6 30. Bb1 Qh5
31. Qf6+ Kg8 32. Rf5 Nxd5 33. Rg5+
1-0

[Event "The Nimzo "]
[Site "SchemingMind.com"]
[Date "2007.06.10"]
[Round "-"]
[White "_keyes"]
[Black "Adunatos"]
[Result "0-1"]
[WhiteCountry "ENG"]
[BlackCountry "NED"]
[WhiteElo "1889"]
[WhiteRD "78"]
[BlackElo "2263"]
[BlackRD "58"]
[GameID "108745"]

1. d4 Nf6 2. c4 e6 3. Nc3 Bb4 4. e3 b6 5. Ne2 Ba6 6. a3 Bxc3+ 7. Nxc3 d5 8. Qf3 O-O 9. cxd5 exd5 10. Bxa6 Nxa6
11. g4 c5 12. O-O Re8 13. Bd2 Qd7 14. h3 Nc7 15. Rad1 cxd4 16. exd4 Nb5 17. Nxb5 Qxb5 18. Bc1 Rac8 19. Qd3 Qxd3 20. Rxd3 Rc2
21. Rc3 Rxc3 22. bxc3 Re2 23. f3 Rc2 24. g5 Nh5 25. Re1 Kf8 26. f4 Ng3 27. Be3 Ne4 28. Rc1 Re2
0-1

[Event "The Nimzo "]
[Site "SchemingMind.com"]
[Date "2007.06.15"]
[Round "-"]
[White "cnbcad"]
[Black "_keyes"]
[Result "0-1"]
[WhiteCountry "USA"]
[BlackCountry "ENG"]
[WhiteElo "1507"]
[WhiteRD "51"]
[BlackElo "1862"]
[BlackRD "73"]
[GameID "108746"]

1. d4 Nf6 2. c4 e6 3. Nc3 Bb4 4. a3 Bxc3+ 5. bxc3 d6 6. Nf3 O-O 7. e3 b6 8. Bd3 c5 9. d5 e5 10. Qc2 Qe7
11. Ng5 g6 12. Ne4 Nxe4 13. Bxe4 f5 14. Bf3 e4 15. Be2 Qg5 16. g3 Nd7 17. h4 Qf6 18. O-O Ne5 19. a4 a5 20. Bd2 Ba6
21. Qb3 Rab8 22. f4 exf3 23. Bxf3 Bxc4 24. Qc2 Bxf1 25. Rxf1 Nxf3+ 26. Rxf3 c4 27. e4 Qf7 28. Bh6 Rfe8 29. exf5 Qxd5 30. fxg6 Qxf3
31. gxh7+ Kh8 32. Qd2 Qxg3+
0-1

[Event "The Nimzo "]
[Site "SchemingMind.com"]
[Date "2007.06.11"]
[Round "-"]
[White "jtrochez1"]
[Black "_keyes"]
[Result "0-1"]
[WhiteCountry "HON"]
[BlackCountry "ENG"]
[WhiteElo "1522"]
[WhiteRD "48"]
[BlackElo "1867"]
[BlackRD "79"]
[GameID "108747"]

1. d4 Nf6 2. c4 e6 3. Nc3 Bb4 4. Bd2 O-O 5. Qc2 b6 6. a3 Be7 7. e4 Bb7 8. Be2 d5 9. cxd5 exd5 10. e5 Ne8
11. Bd3 g6 12. Nf3 Ng7 13. O-O Nd7 14. b4 Rc8 15. Rfe1 c5 16. bxc5 bxc5 17. Qa2 Nb6 18. Bc2 cxd4 19. Nxd4 Nc4 20. Bc1 Nxe5
21. Ncb5 Bf6 22. Rb1 Qa5 23. Be3 Nc4 24. a4 a6 25. Na3 Ba8 26. Nb3 Qxa4 27. Bc1 Nxa3 28. Bxa3 Qc6 29. Bxf8 Rxf8 30. Nd2 Bc3
31. Re2 Nf5 32. Bxf5 gxf5 33. Nf3 d4 34. Re5 Qd7 35. Qxa6 Be4 36. Qh6 f6 37. Rxe4 fxe4 38. Nh4 d3 39. Rd1 Qg4 40. Rf1 d2
41. f3 exf3 42. Nxf3 Qg6 43. Qe3 Qc2 44. Qe6+ Kh8 45. Nxd2 Qxd2 46. h3 Bd4+ 47. Kh1 Qg5 48. Qe2 Be5 49. Qf3 Rc8 50. Qa3 Rc3
51. Qf8+ Qg8 52. Qxg8+ Kxg8 53. Rd1 Bg3 54. Rf1 h5 55. Kg1 Kg7 56. Kh1 h4 57. Kg1 Kg6 58. Rf3 Rxf3 59. gxf3 Kf5 60. Kg2 Kf4
61. Kg1 Kxf3 62. Kf1 Bc7 63. Kg1 Ke2 64. Kg2 f5 65. Kh1 f4 66. Kg2 f3+
0-1

[Event "The Nimzo "]
[Site "SchemingMind.com"]
[Date "2007.06.11"]
[Round "-"]
[White "Louis Lima"]
[Black "_keyes"]
[Result "0-1"]
[WhiteCountry "ESP"]
[BlackCountry "ENG"]
[WhiteElo "1796"]
[WhiteRD "74"]
[BlackElo "1849"]
[BlackRD "74"]
[GameID "108748"]

1. d4 Nf6 2. c4 e6 3. Nc3 Bb4 4. g3 Ne4 5. Qd3 f5 6. Bg2 Nxc3 7. bxc3 Be7 8. e4 O-O 9. Rb1 c6 10. Nf3 fxe4
11. Qxe4 b6 12. O-O Ba6 13. d5 exd5 14. cxd5 Bxf1 15. Bxf1 Bc5 16. Bd3 g6 17. Bh6 Re8 18. Qc4 Qf6 19. dxc6+ Kh8 20. cxd7 Nxd7
21. Qd5 Ne5 22. Nxe5 Qxe5 23. Bc4 Rad8 24. Qf7 Re7 25. Qf3 Red7 26. Bf4 Qf6 27. Qe2 Re7 28. Qf1 g5 29. Bc1 h6 30. Bb2 Rd2
0-1

[Event "The Nimzo "]
[Site "SchemingMind.com"]
[Date "2007.06.11"]
[Round "-"]
[White "tacticrules"]
[Black "_keyes"]
[Result "0-1"]
[WhiteCountry "GER"]
[BlackCountry "ENG"]
[WhiteElo "1632"]
[WhiteRD "50"]
[BlackElo "1862"]
[BlackRD "73"]
[GameID "108749"]

1. d4 Nf6 2. c4 e6 3. Nc3 Bb4 4. Qc2 b6 5. a3 Bxc3+ 6. Qxc3 Bb7 7. Bg5 h6 8. Bh4 g5 9. Bg3 Ne4 10. Qd3 d6
11. d5 Nxg3 12. hxg3 Qf6 13. Qc3 Qxc3+ 14. bxc3 exd5 15. cxd5 Bxd5 16. Nf3 Bxf3 17. exf3 Kd7 18. Kd2 Nc6 19. Bb5 a6 20. Bxc6+ Kxc6
21. Rhe1 Rae8 22. Re3 Re5 23. Rae1 Rhe8 24. g4 Rxe3 25. fxe3 Kc5 26. Kd3 Re5 27. Rb1 f5 28. gxf5 Rxf5 29. Rb4 b5 30. e4 Rf4
31. Ke3 a5 32. Rd4 Rf8 33. g4 c6 34. Rd1 d5 35. exd5 cxd5 36. Rd4 Re8+ 37. Kd3 Re1 38. Kc2 Re2+ 39. Kb1 Re3
0-1

[Event "The Nimzo "]
[Site "SchemingMind.com"]
[Date "2007.06.11"]
[Round "-"]
[White "Adunatos"]
[Black "_keyes"]
[Result "1-0"]
[WhiteCountry "NED"]
[BlackCountry "ENG"]
[WhiteElo "2263"]
[WhiteRD "58"]
[BlackElo "1889"]
[BlackRD "78"]
[GameID "108750"]

1. d4 Nf6 2. c4 e6 3. Nc3 Bb4 4. e3 b6 5. Ne2 Ne4 6. Qc2 Bb7 7. a3 Bxc3+ 8. Nxc3 Nxc3 9. Qxc3 d6 10. d5 e5
11. Bd3 Nd7 12. O-O Qe7 13. b4 O-O 14. e4 c5 15. Be3 f5 16. exf5 e4 17. Bc2 Rxf5 18. f3 Nf6 19. Rfe1 Rc8 20. fxe4 Nxe4
21. Qd3 Re8 22. Bxc5 bxc5 23. Rxe4 Qxe4 24. Qxe4 Rxe4 25. Bxe4 Rf4 26. Re1 cxb4 27. axb4 Ba6 28. c5 dxc5 29. d6
1-0

[Event "The Nimzo "]
[Site "SchemingMind.com"]
[Date "2007.06.13"]
[Round "-"]
[White "thebirdolux"]
[Black "_keyes"]
[Result "1-0"]
[WhiteCountry "USA"]
[BlackCountry "ENG"]
[WhiteElo "2000"]
[WhiteRD "127"]
[BlackElo "1849"]
[BlackRD "74"]
[GameID "108969"]

1. d4 Nf6 2. c4 e6 3. Nc3 Bb4 4. Qc2 b6 5. e4 Bb7 6. Bd3 Bxc3+ 7. bxc3 d6 8. f4 c5 9. Nf3 h6 10. O-O O-O
11. e5 Ne8 12. Ba3 Nd7 13. Rae1 Rc8 14. f5 dxe5 15. fxe6 fxe6 16. Bh7+ Kh8 17. Nxe5 Rxf1+ 18. Rxf1
1-0

[Event "The Nimzo "]
[Site "SchemingMind.com"]
[Date "2007.06.15"]
[Round "-"]
[White "thebirdolux"]
[Black "cnbcad"]
[Result "1-0"]
[WhiteCountry "USA"]
[BlackCountry "USA"]
[WhiteElo "2095"]
[WhiteRD "105"]
[BlackElo "1507"]
[BlackRD "51"]
[GameID "108970"]

1. d4 Nf6 2. c4 e6 3. Nc3 Bb4 4. Qc2 Nc6 5. Nf3 O-O 6. a3 Bxc3+ 7. bxc3 b6 8. e4 Ba6 9. e5 Ne8 10. Bd3 d6
11. Bxh7+ Kh8 12. Ng5 Ne7 13. Qd3 g6 14. Qh3 Kg7 15. Bg8 dxe5 16. Qh7+ Kf6 17. Ne4+ Kf5 18. Qh3+
1-0

[Event "The Nimzo "]
[Site "SchemingMind.com"]
[Date "2007.06.12"]
[Round "-"]
[White "thebirdolux"]
[Black "jtrochez1"]
[Result "1-0"]
[WhiteCountry "USA"]
[BlackCountry "HON"]
[WhiteElo "1923"]
[WhiteRD "165"]
[BlackElo "1569"]
[BlackRD "49"]
[GameID "108971"]

1. d4 Nf6 2. c4 e6 3. Nc3 Bb4 4. Qc2 Bxc3+ 5. Qxc3 d5 6. Bg5 Nbd7 7. e3 c6 8. Nf3 O-O 9. Bd3 Qe8 10. Qc2 h6
11. Bf4 Qe7 12. c5 Re8 13. O-O Nf8 14. Bd6 Qd8 15. b4 N8d7 16. a4 Nb8 17. b5 Qa5 18. Ne5 Bd7 19. Rab1 Rc8 20. f4 Ne8
21. Bh7+
1-0

[Event "The Nimzo "]
[Site "SchemingMind.com"]
[Date "2007.06.16"]
[Round "-"]
[White "thebirdolux"]
[Black "Louis Lima"]
[Result "1-0"]
[WhiteCountry "USA"]
[BlackCountry "ESP"]
[WhiteElo "2095"]
[WhiteRD "105"]
[BlackElo "1709"]
[BlackRD "63"]
[GameID "108972"]

1. d4 Nf6 2. c4 e6 3. Nc3 Bb4 4. Qc2 d5 5. cxd5 exd5 6. Bg5 h6 7. Bxf6 Qxf6 8. a3 Bxc3+ 9. Qxc3 c6 10. e3 O-O
11. Ne2 Nd7 12. Ng3 Nb6 13. Bd3 Bd7 14. O-O Rfe8 15. b4 Nc8 16. Nh5 Qg5 17. Nf4 Nd6 18. Qc5 Ne4 19. Bxe4 Rxe4 20. b5 h5
21. bxc6 Bxc6 22. Rac1 h4 23. Rc3 Qf5 24. h3 g5 25. Nd3 f6 26. Rfc1 Kf7 27. Nb4 g4 28. Nxc6 bxc6 29. Qxc6 Rae8 30. hxg4 Rxg4
31. Qc7+ Re7 32. Qh2 Kg6 33. Rc8 Rg7 34. Rh8 Kf7 35. Rc7+ Kg6 36. Qd6 Qb1+ 37. Kh2 Kf5 38. Qxd5+ Kg6 39. Qh5#
1-0

[Event "The Nimzo "]
[Site "SchemingMind.com"]
[Date "2007.06.12"]
[Round "-"]
[White "thebirdolux"]
[Black "tacticrules"]
[Result "1-0"]
[WhiteCountry "USA"]
[BlackCountry "GER"]
[WhiteElo "2000"]
[WhiteRD "127"]
[BlackElo "1685"]
[BlackRD "51"]
[GameID "108973"]

1. d4 Nf6 2. c4 e6 3. Nc3 Bb4 4. Qc2 O-O 5. a3 Bxc3+ 6. Qxc3 b6 7. Bg5 Bb7 8. e3 h6 9. Bh4 d5 10. Nf3 dxc4
11. Bxc4 Bxf3 12. gxf3 Nbd7 13. Rg1 c5 14. dxc5 bxc5 15. O-O-O g5 16. Bxg5 hxg5 17. Rxg5+ Kh8 18. Rh5+
1-0